000 00585nam a2200193Ia 4500
003 LDD
008 181029s9999 xx 000 0 und d
020 _a9788172334338
_c675.00
040 _cLDD
100 _aJain, Pradeep Kumar
245 0 _aMineral policy, mining laws and development
_cPradeep Kumar Jain
260 _aJodhpur
_bScientific publishers
_c2006
300 _axx, 252p.
365 _b675.00
901 _a11271
_b30-09-2014
902 _a5661/2014-15
_b27-10-2014
_cF
_dPUJA
_eGEO
903 _aDiscount-15
_bReqst by : Omkar Verma
942 _2ddc
_cBK
999 _c110346
_d110346